| 000 | 00731nam a2200193Ia 4500 | ||
|---|---|---|---|
| 008 | 151121s9999||||xx |||||||||||||| ||und|| | ||
| 082 | _a813-/हरका | ||
| 082 | _bHNW-117877 | ||
| 100 | _aहरकारे अरुण | ||
| 245 | _aमुंबई पोलिसांची शान - भाग 2 | ||
| 260 | _b"कुलस्वामिनी प्रकाशन, डोंबिवली" | ||
| 260 | _c2015 | ||
| 300 | _a184 | ||
| 600 | _aहरकारे अरुण | ||
| 630 | _aमुंबई पोलिसांची शान - भाग 2 | ||
| 700 | _aहरकारे अरुण | ||
| 730 | _aमुंबई पोलिसांची शान - भाग 2 | ||
| 942 | _cBOOK | ||
| 999 |
_c1265438 _d1265435 |
||